000
00270nam a2200109Ia 4500
008
200302s9999 xx 000 0 und d
100
_a
John Dawes
245
_a
Design and Planning of Swimming Pools
260
_b
The Architectural Press
260
_c
1979
300
_a
276 P.,
999
_c
258
_d
258